Szczegóły MARC21

Nacjonalizm gospodarczy - szansa czy bariera rozwoju : przypadek Europy Środkowo-Wschodniej w okresie międzywojennym /

003 -Nazwa inst., której nr kontr. jest w polu 001 [,]
    • @
    • Nazwa instytucji, której n kontrolny jest w polu 001
    • NUKAT
005 -DATA I CZAS OSTATNIEJ MODYFIKACJI [,]
    • @
    • pole kontrolne
    • 20241231085530.0
020 -Międzynarod. znormalizowany nr książki - ISBN [ , ]
    • a
    • Numer ISBN
    • 8301104562 Find
040 -Instytucja sporządzająca opis [ , ]
    • a
    • Instytucja, która sporządziła opis (NP)
    • LUBL M/AS
    • c
    • Instytucja, która sporządziła rekord (NP)
    • LUBL M/AS
    • d
    • Instytucja, która zmodyfikowała rekord (P)
    • LUBL M/IK
    • d
    • Instytucja, która zmodyfikowała rekord (P)
    • Ł U/MSs
041 -Język dokumentu [0, ]
    • a
    • Język tekstu (P)
    • polski
    • b
    • Język streszczeń lub abstraktu (P)
    • angielski
    • b
    • Język streszczeń lub abstraktu (P)
    • rosyjski
942 -Rodzaj dokumentu [ , ]
    • c
    • Rodzaj dokumentu
    • Książka
100 -Hasło główne - nazwa osobowa [1, ]
    • a
    • Nazwa osobowa (NP)
    • Kofman, Jan
    • d
    • Daty biograficzne (NP)
    • (1941- ).
    • 9
    • KHW
    • 97800
245 -Strefa tytułu i oznaczenia odpowiedzialności [1,0]
    • a
    • Tytuł
    • Nacjonalizm gospodarczy - szansa czy bariera rozwoju : Find
    • b
    • Ciąg dalszy tytułu (NP)
    • przypadek Europy Środkowo-Wschodniej w okresie międzywojennym / Find
    • c
    • Pozostałe elementy strefy tytułu i oznaczenia odpowiedzialności (NP)
    • Jan Kofman.
260 -Strefa adresu wydawniczego [ , ]
    • a
    • Miejsce wydania (P)
    • Warszawa :
    • b
    • Nazwa wydawcy (P)
    • Wydawnictwo Naukowe PWN,
    • c
    • Data wydania (P)
    • 1992.
300 -Strefa opisu fizycznego [ , ]
    • a
    • Określenie formy książki i/lub objętość (NP)
    • 318, [2] s. ;
    • c
    • Format (NP)
    • 21 cm.
336 -Typ zawartości [ , ]
    • a
    • Termin opisujący typ zawartości
    • Tekst
    • b
    • Kod określający zawartość
    • txt
    • 2
    • Źródło (terminu i kodu)
    • rdacontent
337 -Typ mediów [ , ]
    • a
    • Tryb odtwarzania
    • Bez urządzenia pośredniczącego
    • b
    • Kod typu mediów
    • n
    • 2
    • Źródło (terminu i kodu)
    • rdamedia
338 -Typ/rodzaj nośnika [ , ]
    • a
    • Hasło opisujące typ nośnika
    • Wolumin
    • b
    • Kod typu nośnika
    • nc
    • 2
    • Źródło (terminu i kodu)
    • rdacarrier
504 -Uwaga dot. bibliogr. załącznikowej [ , ]
    • a
    • Uwaga dot. bibliografii załącznikowej
    • Bibliogr. s. 279-302. Indeks.
546 -Uwaga dot. języka [ , ]
    • a
    • Uwaga dot. języka
    • Streszcz. ang., ros.
080 -Uniwersalna Klasyfikacja Dziesiętna [ , ]
    • 2
    • Identyfikator wydania tablic
    • UDC-P058
    • 9
    • UKD
    • 3215
    • a
    • Symbol klasyfikacji
    • 338.22
    • b
    • Dopowiedzenie
    • Ogólna polityka gospodarcza. Polityka inwestycyjna.
    • 4
    • UKD2
    • 8126
    • x
    • Poddział wspólny
    • (4-191.2-11)
    • c
    • Dopowiedzenie poddz. wspólnego
    • (Europa Środkowowschodnia).
    • 4
    • UKD2
    • 8643
    • x
    • Poddział wspólny
    • "190/194"
    • c
    • Dopowiedzenie poddz. wspólnego
    • Wiek XX - I połowa.
080 -Uniwersalna Klasyfikacja Dziesiętna [ , ]
    • 2
    • Identyfikator wydania tablic
    • UDC-P058
    • 9
    • UKD
    • 3344
    • a
    • Symbol klasyfikacji
    • 339.98
    • b
    • Dopowiedzenie
    • Sprzeczności gospodarcze. Nacjonalizm gospodarczy. Wojna gospodarcza.
    • 4
    • UKD2
    • 8126
    • x
    • Poddział wspólny
    • (4-191.2-11)
    • c
    • Dopowiedzenie poddz. wspólnego
    • (Europa Środkowowschodnia).
    • 4
    • UKD2
    • 8643
    • x
    • Poddział wspólny
    • "190/194"
    • c
    • Dopowiedzenie poddz. wspólnego
    • Wiek XX - I połowa.
080 -Uniwersalna Klasyfikacja Dziesiętna [ , ]
    • 2
    • Identyfikator wydania tablic
    • UDC-P058
    • 9
    • UKD
    • 2942
    • a
    • Symbol klasyfikacji
    • 33.012.4
    • b
    • Dopowiedzenie
    • Formy organizacji gospodarczych wg celów handlowych. Wolny rynek. Rynek kontrolowany. Protekcjonizm. Autarkia. Gospodarcza samowystarczalność. Organizacje gospodarcze niedochodowe – ”non profit”.
    • 4
    • UKD2
    • 8126
    • x
    • Poddział wspólny
    • (4-191.2-11)
    • c
    • Dopowiedzenie poddz. wspólnego
    • (Europa Środkowowschodnia).
    • 4
    • UKD2
    • 8643
    • x
    • Poddział wspólny
    • "190/194"
    • c
    • Dopowiedzenie poddz. wspólnego
    • Wiek XX - I połowa.
650 -Hasło przedmiotowe [ ,7]
    • a
    • Hasło przedmiotowe
    • Nacjonalizm
    • z
    • Określnik geograficzny
    • Europa
    • y
    • Określnik chronologiczny
    • 1900-1945.
    • 2
    • Źródło terminu
    • kaba
    • 9
    • KHW
    • 351654
650 -Hasło przedmiotowe [ ,7]
    • a
    • Hasło przedmiotowe
    • Protekcjonizm
    • z
    • Określnik geograficzny
    • Europa Wschodnia
    • y
    • Określnik chronologiczny
    • 1900-1945.
    • 2
    • Źródło terminu
    • kaba
    • 9
    • KHW
    • 359399
651 -Hasło przedmiotowe w formie nazwy geograficznej [ ,7]
    • a
    • Nazwa geograficzna
    • Europa
    • x
    • Określnik rzeczowy
    • polityka gospodarcza
    • y
    • Określnik chronologiczny
    • 1900-1945.
    • 2
    • Źródło terminu
    • kaba
    • 9
    • KHW
    • 359400
980 -Symbol UKD [ , ]
    • a
    • UKD
    • 338.22:339.98:33.012.4](4-191.2-11)"190/194"
920 -ISBN [ , ]
    • a
    • ISBN
    • 83-01-10456-2 Find
Status udost. Numer inwentarzowy Data inwentaryzacji Lokalizacja Uwagi nie widoczne w OPAC Sygnatura
-2E.613781996-10-09BE  
-3S.753171996-10-09BE  
2S.753181996-10-09BE  
2S.753191996-10-09BE  
-3W.1874761996-10-09BG W.187476
1Z.83142 BGretrokonwersja 
1H.32351996-10-09BNS  
-3F.243641996-10-09BNS  
-11TS.753201996-10-09T